| 000 | 00558pam a2200217 a 4500 | ||
|---|---|---|---|
| 001 | 4260757 | ||
| 005 | 20171222082455.0 | ||
| 008 | 841115s1985 nyua b 001 0 eng | ||
| 010 | _a 84026183 | ||
| 020 |
_a007038133X : _c$32.95 |
||
| 040 |
_aDLC _cDLC _dDLC |
||
| 041 | _aeng | ||
| 080 | _a511 LIU | ||
| 082 | 0 | 0 |
_a511 LIU _219 |
| 100 | 1 | _a38 | |
| 101 | _aMAT | ||
| 245 | 1 | 0 |
_aElements of discrete mathematics / _cC.L. Liu. |
| 504 | _aIncludes bibliographies and index. | ||
| 906 |
_a7 _bcbc _corignew _d1 _eocip _f19 _gy-gencatlg |
||
| 942 |
_2ddc _cBK |
||
| 999 |
_c39354 _d39354 |
||